| 000 | 00733nam a22002057a 4500 | ||
|---|---|---|---|
| 005 | 20230217010647.0 | ||
| 008 | 230217b |||||||| |||| 00| 0 eng d | ||
| 020 | _a978-971-9654-98-8 | ||
| 082 | _aFil. 808.02 B311 2017 | ||
| 100 |
_aBasilan, Ma. Letecia Jose C. _eauthor |
||
| 245 |
_aInk and wit: _binto the world of creative writing / _cMa. Letecia Jose CabaƱa Basilan, Ph.D, Riza Torres De Villa |
||
| 260 |
_aManila: _bUnlimited Books Library Services & Publishing, _cc2017. |
||
| 300 |
_ax, 190p.; _bill. |
||
| 504 | _aIncludes references | ||
| 541 | _e5953 c.1, 5954 c.2, 5955 c.3 | ||
| 650 | _aCreative writing | ||
| 650 | _aAuthorship | ||
| 650 | _aEnglish language - Rhetoric | ||
| 700 |
_aDe Villa, Riza T. _eauthor |
||
| 999 |
_c1224 _d1224 |
||